|
|
|
|
| LEADER |
01729cas a2200241 a 4500 |
| 001 |
AALejournalIMF003995 |
| 008 |
230101c9999 xx r poo 0 0eng d |
| 020 |
|
|
|c 5.00 USD
|
| 020 |
|
|
|z 9781451817164
|
| 022 |
|
|
|a 1934-7685
|
| 040 |
|
|
|a BD-DhAAL
|c BD-DhAAL
|
| 110 |
2 |
|
|a International Monetary Fund.
|
| 245 |
1 |
0 |
|a Honduras :
|b First Review Under the Three-Year Arrangement Under the Poverty Reduction and Growth Facility and Request for Waiver of Performance Criteria, and Financing Assurances Review.
|
| 264 |
|
1 |
|a Washington, D.C. :
|b International Monetary Fund,
|c 2006.
|
| 300 |
|
|
|a 1 online resource (66 pages)
|
| 490 |
1 |
|
|a IMF Staff Country Reports
|
| 500 |
|
|
|a <strong>Off-Campus Access:</strong> No User ID or Password Required
|
| 500 |
|
|
|a <strong>On-Campus Access:</strong> No User ID or Password Required
|
| 506 |
|
|
|a Electronic access restricted to authorized BRAC University faculty, staff and students
|
| 520 |
3 |
|
|a Honduras's First Review Under the Poverty Reduction and Growth Facility and Request for Waiver of Performance Criteria are discussed. The authorities are taking measures to contain inflation. The inflation target has been raised to accommodate the first-round impact of the oil price increase, and measures to limit foreign borrowing and credit growth are being taken to restrain domestic liquidity in the face of high foreign exchange inflows. A cautious monetary policy is particularly important given the role of expected inflation in wage settlements.
|
| 538 |
|
|
|a Mode of access: Internet
|
| 830 |
|
0 |
|a IMF Staff Country Reports; Country Report ;
|v No. 2006/034
|
| 856 |
4 |
0 |
|z Full text available on IMF
|u http://elibrary.imf.org/view/journals/002/2006/034/002.2006.issue-034-en.xml
|z IMF e-Library
|